[Event "Guernsey Holiday"]
[Site "?"]
[Date "2008.10.25"]
[Round "7"]
[White "Carrick, Peter"]
[Black "Bateman, Kerry D"]
[Result "1/2-1/2"]
[WhiteElo "1272"]
[BlackElo "1588"]
[PlyCount "123"]
[EventDate "2008.10.19"]

1. d4 Nf6 2. Nf3 d6 3. Bg5 c5 4. c3 cxd4 5. Qa4+ Nc6 6. Nxd4 Bd7 7. Nxc6 Bxc6
8. Qd1 Ne4 9. Be3 g6 10. Nd2 Bg7 11. Nxe4 Bxe4 12. f3 Bc6 13. Bf2 O-O 14. e3
Rc8 15. Be2 f5 16. O-O a6 17. Rb1 Qa5 18. Bc4+ Kh8 19. Re1 Rc7 20. Re2 b5 21.
Bb3 Qb6 22. e4 Qb7 23. exf5 Rxf5 24. Re3 Qa8 25. Rd3 Qf8 26. Bd5 Bf6 27. Bxc6
Rxc6 28. Bd4 Rh5 29. Bxf6+ Qxf6 30. Qe1 Rc4 31. g3 Qf5 32. Qxe7 Rc8 33. Rbd1
Rf8 34. Qe2 Qc5+ 35. Kg2 Rhf5 36. Re3 Qc6 37. Re1 g5 38. g4 Rf4 39. h3 h5 40.
Rf1 hxg4 41. Kg3 gxh3 42. Kxh3 g4+ 43. Kg3 gxf3 44. Rfxf3 Rxf3+ 45. Rxf3 Rxf3+
46. Qxf3 Qxf3+ {(=)} 47. Kxf3 Kg7 48. Ke4 Kf6 49. Kd5 Ke7 50. Kc6 Ke6 51. Kb6
Kd5 52. Kxa6 Kc4 53. Ka5 d5 54. Ka6 b4 55. Kb6 bxc3 56. bxc3 Kxc3 57. a4 d4 58.
a5 d3 59. a6 d2 60. a7 d1=Q 61. a8=Q Qd4+ 62. Kb7 1/2-1/2

[Event "Guernsey Holiday"]
[Site "?"]
[Date "2008.10.25"]
[Round "7"]
[White "Kirk, M.."]
[Black "Randall, David Charles"]
[Result "0-1"]
[WhiteElo "1494"]
[BlackElo "1576"]
[PlyCount "72"]
[EventDate "2008.10.19"]

1. d4 Nf6 2. c4 c5 3. d5 e6 4. Nc3 exd5 5. cxd5 d6 6. e4 g6 7. Bb5+ Bd7 8. Bd3
Bg7 9. Nge2 O-O 10. Bf4 Qe7 11. Ng3 Na6 12. O-O Ng4 13. Nge2 Ne5 14. Bxe5 Bxe5
15. f4 Bg7 16. Rb1 Rab8 17. Nb5 Bxb5 18. Bxb5 Qxe4 19. Qd3 Qxd3 20. Bxd3 Nb4
21. Bc4 b5 22. Bb3 c4 23. a3 Nxd5 24. Rfd1 Ne3 25. Rxd6 cxb3 26. Rd3 Nc4 27.
Nc3 Rfd8 28. Rg3 Rd2 29. Ne4 Rxb2 30. Rxb2 Bxb2 31. Rxb3 Bxa3 32. Nc3 a6 33.
Nd5 Bc5+ 34. Kh1 Kg7 35. Nc7 Bd6 36. Nxa6 Ra8 0-1

[Event "Guernsey Holiday"]
[Site "?"]
[Date "2008.10.25"]
[Round "7"]
[White "Nalichowski, Bogdan"]
[Black "Newrick, William R"]
[Result "1-0"]
[WhiteElo "1537"]
[BlackElo "1347"]
[PlyCount "89"]
[EventDate "2008.10.19"]

1. e4 d5 2. exd5 Nf6 3. Nc3 g6 4. Bc4 Bg7 5. h3 O-O 6. Nf3 Bf5 7. d3 c6 8. dxc6
Nxc6 9. O-O Na5 10. Nh4 Bc8 11. Bg5 Nxc4 12. dxc4 Be6 13. Qe2 Qc7 14. b3 Nh5
15. Nb5 Qe5 16. Qxe5 Bxe5 17. Rad1 f6 18. Rfe1 a6 19. Rxe5 fxe5 20. Bxe7 axb5
21. cxb5 Rfe8 22. Bg5 Rxa2 23. c4 Nf4 24. Re1 Nd3 25. Re3 Ra1+ 26. Kh2 Re1 27.
Rxd3 e4 28. Rd4 Bf5 29. Nxf5 gxf5 30. Rd7 Rb1 31. Rxb7 Rxb3 32. c5 Rc3 33. c6
Ra3 34. Be3 Raa8 35. Bf4 Rec8 36. Kg3 Ra3+ 37. Kh4 Ra4 38. Kg5 Ra2 39. Be3 Rf8
40. g3 f4 41. gxf4 Ra1 42. Rd7 Rg1+ 43. Kh4 Rf5 44. c7 Rf8 45. Rd8 1-0

[Event "Guernsey Holiday"]
[Site "?"]
[Date "2008.10.25"]
[Round "7"]
[White "Harnden, Terry W"]
[Black "Foran, Barry"]
[Result "1/2-1/2"]
[WhiteElo "1327"]
[BlackElo "1310"]
[PlyCount "43"]
[EventDate "2008.10.19"]

1. e4 c6 2. Nf3 d5 3. exd5 cxd5 4. d4 Nf6 5. h3 e6 6. Be3 Nc6 7. a3 Be7 8. Be2
O-O 9. O-O a6 10. Nbd2 b5 11. b4 Ne4 12. Nxe4 dxe4 13. Ne5 Nxe5 14. dxe5 Bb7
15. Rc1 Qc7 16. Bf4 Rfd8 17. Qe1 g5 18. Bg3 Qb6 19. c4 bxc4 20. Bxc4 a5 21. Rb1
axb4 22. Qc1 1/2-1/2

[Event "Guernsey Holiday"]
[Site "?"]
[Date "2008.10.25"]
[Round "7"]
[White "Spicer, J.."]
[Black "Onwezen, Eric"]
[Result "0-1"]
[WhiteElo "1288"]
[BlackElo "1621"]
[PlyCount "86"]
[EventDate "2008.10.19"]

1. e4 e5 2. Nf3 Nc6 3. Bc4 Be7 4. c3 Nf6 5. d4 d6 6. Qe2 O-O 7. O-O Bg4 8. Be3
Nxe4 9. h3 Bh5 10. Bd5 Nf6 11. Bxc6 bxc6 12. dxe5 Nd5 13. exd6 Bxd6 14. Bd2 Re8
15. Be3 Qf6 16. g4 Nf4 17. Qc4 Bg6 18. Bd4 Qe6 19. Qxe6 Rxe6 20. h4 h5 21. g5
Re2 22. Nbd2 c5 23. Be3 Nd3 24. b3 Re8 25. Nc4 Re4 26. Rfd1 Rg4+ 27. Kf1 Rc2
28. Nxd6 cxd6 29. c4 Be4 30. Nd2 Bg2+ 31. Ke2 Ne5 32. Rg1 Bf3+ 33. Kf1 Rxh4 34.
Rg3 Rh1+ 35. Rg1 Rxg1+ 36. Kxg1 Bc6 37. Kf1 Kf8 38. Ke1 Ke7 39. Nb1 Ng4 40. Bd2
Rb2 41. Kd1 Nxf2+ 42. Kc1 Nd3+ 43. Kd1 Bf3# 0-1

[Event "Guernsey Holiday"]
[Site "?"]
[Date "2008.10.25"]
[Round "7"]
[White "Van Rooijen, Gerardus C"]
[Black "O'Connor, J.."]
[Result "0-1"]
[WhiteElo "1593"]
[BlackElo "1580"]
[PlyCount "104"]
[EventDate "2008.10.19"]

1. d4 c5 2. c3 cxd4 3. cxd4 Nf6 4. Nc3 d5 5. Bg5 e6 6. Nf3 Nc6 7. e3 h6 8. Bh4
Be7 9. a3 O-O 10. Bd3 a6 11. O-O b5 12. Rc1 Bb7 13. Qc2 Rc8 14. Qe2 Ng4 15. Bg3
Bd6 16. Bxd6 Qxd6 17. h3 Nf6 18. b4 Rfe8 19. Qd2 e5 20. dxe5 Nxe5 21. Nxe5 Rxe5
22. f3 Rce8 23. Rfe1 d4 24. Kh1 Rxe3 25. Rxe3 Rxe3 26. Nd1 Re8 27. Nf2 Nh5 28.
Kg1 Bxf3 29. Re1 Rf8 30. Be4 Bxe4 31. Rxe4 Rd8 32. Nd3 Ng3 33. Rg4 Nf5 34. Nc5
Ne3 35. Nb7 Qd7 36. Nxd8 Nxg4 37. hxg4 Qxd8 38. Qd3 Qd7 39. Kf2 Qxg4 40. a4
Qf4+ 41. Ke2 Qe5+ 42. Kf3 Qe3+ 43. Qxe3 dxe3 44. Kxe3 bxa4 45. Kd2 a3 46. Kc2
a2 47. Kb2 a1=Q+ 48. Kxa1 Kf8 49. Ka2 Ke7 50. Ka3 Kd6 51. Ka4 Kc6 52. Ka5 Kb7
0-1

[Event "Guernsey Holiday"]
[Site "?"]
[Date "2008.10.25"]
[Round "7"]
[White "Herschmann, Heinz"]
[Black "Dokter, Marike"]
[Result "1/2-1/2"]
[WhiteElo "1320"]
[BlackElo "1539"]
[PlyCount "71"]
[EventDate "2008.10.19"]

1. e4 e5 2. Nf3 Nc6 3. Bc4 Bc5 4. O-O Nf6 5. d3 d6 6. Nc3 Bg4 7. h3 Bh5 8. Be3
Nd4 9. g4 Bg6 10. Na4 Qd7 11. Nxc5 dxc5 12. Nxd4 cxd4 13. Bd2 O-O-O 14. f4 exf4
15. Bxf4 h6 16. Be5 Qe7 17. Bxf6 gxf6 18. Qf3 Qe5 19. Qf4 Rdf8 20. Kg2 h5 21.
Qxf6 Qxf6 22. Rxf6 hxg4 23. hxg4 Kd7 24. Rh1 Ke7 25. Rxh8 Rxh8 26. Rf2 c6 27.
a3 a5 28. c3 b5 29. Ba2 c5 30. cxd4 cxd4 31. Bd5 Rc8 32. Kg3 Rc1 33. Rd2 Kd6
34. Rf2 Ke7 35. Rd2 Kd6 36. Rf2 1/2-1/2

[Event "Guernsey Holiday"]
[Site "?"]
[Date "2008.10.25"]
[Round "7"]
[White "Collins, Alan"]
[Black "Le Messurier, R.."]
[Result "1/2-1/2"]
[WhiteElo "1464"]
[BlackElo "1210"]
[PlyCount "51"]
[EventDate "2008.10.19"]

1. d4 Nf6 2. c4 d6 3. Nc3 c6 4. e4 e5 5. Bg5 h6 6. Bh4 Be7 7. Bg3 Qa5 8. f3
Nbd7 9. Nge2 b5 10. cxb5 cxb5 11. a3 a6 12. b4 Qb6 13. Bf2 Qb7 14. Nc1 Nb6 15.
Nb3 Qb8 16. Na5 Bd7 17. d5 O-O 18. Rc1 Rc8 19. Be2 Nc4 20. Nxc4 bxc4 21. O-O
Ne8 22. Rb1 f5 23. g4 f4 24. h4 g5 25. h5 Qb7 26. Qc2 1/2-1/2

[Event "Guernsey Holiday"]
[Site "?"]
[Date "2008.10.25"]
[Round "7"]
[White "Stoop, Michael"]
[Black "Cox, Reginald E"]
[Result "1-0"]
[WhiteElo "1080"]
[BlackElo "1088"]
[PlyCount "99"]
[EventDate "2008.10.19"]

1. d4 Nf6 2. Nf3 g6 3. Nc3 d5 4. Bf4 a6 5. e3 Bg7 6. Bd3 O-O 7. O-O e6 8. Qe2
Bd7 9. Rad1 b5 10. a3 c6 11. e4 dxe4 12. Nxe4 Nxe4 13. Bxe4 f5 14. Bd3 Qb6 15.
c3 Be8 16. Qxe6+ Bf7 17. Qe3 Re8 18. Qd2 Nd7 19. Bh6 Bh8 20. Rfe1 Nf6 21. Rxe8+
Rxe8 22. Re1 Qb8 23. Rxe8+ Qxe8 24. Bb1 Ng4 25. Bf4 Nf6 26. b4 Ne4 27. Qe3 Bd5
28. Ng5 Bg7 29. f3 h6 30. fxe4 hxg5 31. exd5 Qxe3+ 32. Bxe3 f4 33. Bd2 cxd5 34.
Ba2 Kf8 35. Bxd5 Ke7 36. Kf2 Kd6 37. Bb7 Kc7 38. Bxa6 Kb6 39. Bc8 Bf6 40. Kf3
Kc7 41. Be6 Kd6 42. d5 Be5 43. h3 Bf6 44. Ke4 Be5 45. Kd3 Bf6 46. c4 bxc4+ 47.
Kxc4 Bd8 48. b5 Bb6 49. a4 Bc5 50. a5 1-0

[Event "Guernsey Holiday"]
[Site "?"]
[Date "2008.10.25"]
[Round "7"]
[White "Le Maitre, Richard"]
[Black "Cox, Marian"]
[Result "0-1"]
[WhiteElo "1229"]
[BlackElo "1192"]
[PlyCount "104"]
[EventDate "2008.10.19"]

1. Nf3 Nf6 2. g3 g6 3. Bg2 Bg7 4. d4 d5 5. Nc3 c6 6. O-O O-O 7. Bg5 Re8 8. Qd2
Bf5 9. Bxf6 Bxf6 10. e3 Nd7 11. Rfe1 e5 12. Ne2 e4 13. Ne5 Bxe5 14. dxe5 Nxe5
15. Nd4 Qd7 16. Nxf5 Qxf5 17. Qe2 h5 18. Rf1 Nf3+ 19. Kh1 g5 20. Bxf3 exf3 21.
Qd3 Qxd3 22. cxd3 g4 23. d4 f5 24. Rac1 Kf7 25. Rg1 Ke6 26. h4 Kd6 27. Rc3 a5
28. Rgc1 Rec8 29. a4 Rc7 30. Kg1 Ra6 31. Kf1 Rb6 32. b3 Rb4 33. Ke1 b6 34. Kd2
c5 35. Kd3 c4+ 36. bxc4 dxc4+ 37. Rxc4 Rcxc4 38. Rxc4 Rb3+ 39. Kc2 Rb4 40. Rxb4
axb4 41. Kb3 Kd5 42. Kxb4 Ke4 43. Kb5 Kd3 44. Kxb6 Ke2 45. d5 Kxf2 46. d6 Kxg3
47. d7 f2 48. d8=Q f1=Q 49. Qd6+ Kxh4 50. Qf6+ Kh3 51. Qb2 g3 52. Qc2 g2 0-1

[Event "Guernsey Holiday"]
[Site "?"]
[Date "2008.10.25"]
[Round "7"]
[White "Bennett, DW.."]
[Black "Brown, Jim"]
[Result "1/2-1/2"]
[WhiteElo "1136"]
[BlackElo "1088"]
[PlyCount "51"]
[EventDate "2008.10.19"]

1. Nf3 d6 2. d4 c6 3. Bf4 Nd7 4. e4 e6 5. c4 Qc7 6. Nc3 e5 7. Bg5 Be7 8. d5 c5
9. Nb5 Qb6 10. b3 a6 11. Nc3 Bxg5 12. Nxg5 Ngf6 13. Be2 O-O 14. O-O h6 15. Nf3
Qd8 16. Bd3 Nh5 17. Ne2 Ndf6 18. h3 Nh7 19. Qd2 Qe7 20. g4 N5f6 21. Kh2 Bd7 22.
Rg1 g5 23. Rg3 Kh8 24. Rh1 Rg8 25. Qe1 Rg7 26. Qf1 1/2-1/2

[Event "Guernsey Open"]
[Site "Guernsey"]
[Date "2009.10.18"]
[Round "1"]
[White "Hillarp Persson, Tiger"]
[Black "Rowe, Peter"]
[Result "1-0"]
[WhiteElo "2577"]
[BlackElo "2039"]
[PlyCount "67"]
[EventDate "2009.10.18"]

1. d4 d5 2. c4 e6 3. Nc3 Nf6 4. cxd5 exd5 5. Bg5 c6 6. e3 Bf5 7. Qf3 Bg6 8.
Bxf6 Qxf6 9. Qxf6 gxf6 10. Nf3 Nd7 11. Nh4 Be7 12. g3 h5 13. Bh3 Nb6 14. Bf5
Rg8 15. O-O-O Kf8 16. Ne2 Bxf5 17. Nxf5 Rg5 18. Nh4 Nc4 19. Nf4 a5 20. Nf3 Rf5
21. Ne1 Ra6 22. h4 Rb6 23. Ned3 a4 24. Rhe1 Rb5 25. Re2 b6 26. f3 c5 27. g4
Rxf4 28. Nxf4 cxd4 29. exd4 hxg4 30. fxg4 Bd6 31. Nh5 a3 32. b3 Na5 33. Rde1
Kg8 34. Nxf6+ 1-0

[Event "Guernsey Open"]
[Site "Guernsey"]
[Date "2009.10.18"]
[Round "1"]
[White "Burton, Ronnie"]
[Black "Korneev, Oleg"]
[Result "0-1"]
[WhiteElo "2036"]
[BlackElo "2554"]
[PlyCount "88"]
[EventDate "2009.10.18"]

1. d4 d5 2. Nf3 Nf6 3. e3 c5 4. b3 Nc6 5. Bb2 Bg4 6. Be2 e6 7. O-O Rc8 8. Nbd2
Be7 9. h3 Bh5 10. Rc1 cxd4 11. exd4 O-O 12. c4 Bg6 13. Ne5 dxc4 14. Nxg6 hxg6
15. Nxc4 Nd5 16. Ne5 Qa5 17. Nxc6 bxc6 18. a3 Rfd8 19. b4 Qb6 20. Qa4 Bf6 21.
Rc5 Ne7 22. Rfc1 Bxd4 23. Bxd4 Rxd4 24. Bf3 Rf4 25. Qc2 Rf5 26. Rc4 a5 27. Rb1
Rb5 28. Be4 axb4 29. Rcxb4 Qa5 30. Bd3 Rxb4 31. axb4 Qb6 32. Qc5 Qxc5 33. bxc5
Rd8 34. Be4 f5 35. Bf3 e5 36. Be2 Kf7 37. Rb7 Ke8 38. Bc4 Rd1+ 39. Kh2 Rc1 40.
Rb4 g5 41. g3 e4 42. Kg2 Ng6 43. Bb3 Ne5 44. Rb6 Nf3 0-1

[Event "Guernsey Open"]
[Site "Guernsey"]
[Date "2009.10.18"]
[Round "1"]
[White "Kurajica, Bojan"]
[Black "Kamps, Jacques"]
[Result "1-0"]
[WhiteElo "2517"]
[BlackElo "2033"]
[PlyCount "69"]
[EventDate "2009.10.18"]

1. d4 d6 2. Nf3 g6 3. g3 Bg7 4. Bg2 Nf6 5. O-O O-O 6. Re1 Nc6 7. d5 Nb8 8. e4
c6 9. h3 Na6 10. dxc6 bxc6 11. e5 Nd5 12. c4 Nb6 13. Nd4 dxe5 14. Nxc6 Qc7 15.
Nc3 Bxh3 16. Bxh3 Qxc6 17. Bg2 Qxc4 18. Bxa8 Rxa8 19. Be3 Nc5 20. Bxc5 Qxc5 21.
Qf3 Rb8 22. Rac1 f5 23. Red1 e4 24. Nxe4 Qb5 25. Nc5 Qxb2 26. a4 Qa2 27. Qd3 f4
28. Rc2 Qf7 29. a5 Na8 30. g4 h5 31. gxh5 gxh5 32. Kh1 Kh8 33. Nd7 Rg8 34. Rc4
e6 35. Qf3 1-0

[Event "Guernsey Open"]
[Site "Guernsey"]
[Date "2009.10.18"]
[Round "1"]
[White "Pickersgill, Adrian"]
[Black "Bellin, Robert"]
[Result "0-1"]
[WhiteElo "2024"]
[BlackElo "2388"]
[PlyCount "50"]
[EventDate "2009.10.18"]

1. e4 e5 2. Bb5 Nf6 3. d4 c6 4. dxe5 Nxe4 5. Bd3 Nc5 6. f4 d6 7. Nf3 dxe5 8.
fxe5 Nxd3+ 9. cxd3 Bg4 10. O-O Bc5+ 11. Kh1 O-O 12. Nc3 Bd4 13. Bf4 Nd7 14. Qa4
Bxc3 15. bxc3 Nc5 16. Qc4 Nxd3 17. Bg5 Qd7 18. Qd4 c5 19. Qxd7 Bxd7 20. Kg1
Rfe8 21. Rfd1 c4 22. Rab1 b6 23. Bh4 Bg4 24. Bg3 Bxf3 25. gxf3 Nxe5 0-1

[Event "Guernsey Open"]
[Site "Guernsey"]
[Date "2009.10.18"]
[Round "1"]
[White "Van Voorthuijsen, Peewee"]
[Black "Spanton, Timothy"]
[Result "1-0"]
[WhiteElo "2300"]
[BlackElo "2009"]
[PlyCount "109"]
[EventDate "2009.10.18"]

1. d4 d5 2. Nf3 Nc6 3. Bf4 Bg4 4. e3 e6 5. h3 Bh5 6. Be2 Bd6 7. Ne5 Bxe5 8.
dxe5 Bxe2 9. Qxe2 Nge7 10. Nd2 Ng6 11. Nf3 Qe7 12. Bg3 O-O 13. h4 Qc5 14. c3
Na5 15. O-O Qc4 16. Qd1 Qe4 17. Ng5 Qf5 18. f3 Nxe5 19. e4 Qf6 20. exd5 Rad8
21. Qc2 g6 22. dxe6 fxe6 23. Bxe5 Qxe5 24. Rae1 Qc5+ 25. Qf2 Qxf2+ 26. Rxf2
Rfe8 27. Rfe2 Nc4 28. b3 Nd6 29. Nxe6 Rd7 30. Nc5 Rxe2 31. Rxe2 Rf7 32. Kf2 Kg7
33. Ne4 Nxe4+ 34. Rxe4 a5 35. a4 Rd7 36. Rd4 Re7 37. b4 axb4 38. cxb4 c6 39. a5
h5 40. Rd6 Kf7 41. Kg3 Kg7 42. Kf4 Kh6 43. g4 hxg4 44. fxg4 Kg7 45. h5 gxh5 46.
gxh5 Rc7 47. Ke3 Re7+ 48. Kd4 Rf7 49. Rg6+ Kh7 50. Rg5 Kh6 51. Re5 Rf4+ 52. Kc5
Rh4 53. b5 Ra4 54. Kb6 cxb5 55. Rxb5 1-0

[Event "Guernsey Open"]
[Site "Guernsey"]
[Date "2009.10.18"]
[Round "1"]
[White "Mack, Wolfgang"]
[Black "Bakker, Joop"]
[Result "1-0"]
[WhiteElo "2257"]
[BlackElo "1996"]
[PlyCount "67"]
[EventDate "2009.10.18"]

1. e4 e5 2. Nc3 Nf6 3. g3 d5 4. exd5 Nxd5 5. Bg2 Be6 6. Nf3 Nc6 7. O-O Be7 8.
Re1 Nxc3 9. bxc3 Bf6 10. Ba3 Qd7 11. Rb1 O-O-O 12. Qe2 Bd5 13. Qb5 Nb8 14. Qa5
Nc6 15. Qa4 e4 16. Nd4 Nxd4 17. Qxa7 b6 18. cxd4 Qc6 19. Qa6+ Kd7 20. Bh3+ Be6
21. d5 Qxd5 22. Qa4+ Kc8 23. Bg2 Bf5 24. d3 Qxa2 25. dxe4 Be6 26. Qa8+ Kd7 27.
Qa4+ Kc8 28. e5 Bd5 29. Bxd5 Rxd5 30. Qa8+ Kd7 31. Qxh8 Rxe5 32. Rbd1+ Kc6 33.
Qa8+ Kb5 34. Rxe5+ 1-0

[Event "Guernsey Open"]
[Site "Guernsey"]
[Date "2009.10.18"]
[Round "1"]
[White "Wessels, Cornelis"]
[Black "Gant, Christopher"]
[Result "1/2-1/2"]
[WhiteElo "1993"]
[BlackElo "2235"]
[PlyCount "78"]
[EventDate "2009.10.18"]

1. e4 c5 2. a3 Nc6 3. b4 cxb4 4. axb4 Nxb4 5. d4 e6 6. Ba3 d5 7. c3 Nc6 8. Bxf8
Kxf8 9. e5 Nge7 10. Bd3 a6 11. Qf3 Bd7 12. Ne2 Na5 13. Nd2 Bb5 14. Bxb5 axb5
15. Qd3 Nc4 16. O-O g6 17. Rab1 Qd7 18. Nxc4 bxc4 19. Qf3 Nc6 20. Qf6 Rg8 21.
Rb6 Nd8 22. Nf4 Qe7 23. Rfb1 Qxf6 24. exf6 Ke8 25. g4 Kd7 26. Rxb7+ Nxb7 27.
Rxb7+ Kc6 28. Rxf7 Raf8 29. Rxf8 Rxf8 30. g5 Kd6 31. Ne2 e5 32. f4 exd4 33.
Nxd4 Ra8 34. h4 Ra1+ 35. Kg2 Rd1 36. Kf3 Rd3+ 37. Kf2 Rh3 38. Kg2 Rd3 39. Kf2
Rh3 1/2-1/2

[Event "Guernsey Open"]
[Site "Guernsey"]
[Date "2009.10.18"]
[Round "1"]
[White "Guttridge, David"]
[Black "Reijneveld, Ad"]
[Result "0-1"]
[WhiteElo "1965"]
[BlackElo "2185"]
[PlyCount "70"]
[EventDate "2009.10.18"]

1. d4 Nf6 2. Nf3 d6 3. c4 Nc6 4. Nc3 e5 5. e3 Be7 6. Be2 O-O 7. d5 Nb8 8. Qc2
a5 9. b3 Na6 10. a3 Nc5 11. Bb2 Bg4 12. b4 axb4 13. axb4 Rxa1+ 14. Bxa1 Na6 15.
Qb1 Qa8 16. O-O Nd7 17. Ng5 Bxg5 18. Bxg4 Nf6 19. Bf3 Qa7 20. Ne4 Nxe4 21. Bxe4
g6 22. Kh1 f5 23. Bd3 Qb6 24. Bc3 Nb8 25. Qc2 Nd7 26. f4 Bf6 27. fxe5 Bxe5 28.
c5 dxc5 29. Bxe5 Nxe5 30. bxc5 Qa7 31. Rd1 {(=)} Ng4 32. d6 cxd6 33. Bc4+ Kg7
34. Qc3+ Kh6 35. Rxd6 Qxc5 0-1

[Event "Guernsey Open"]
[Site "Guernsey"]
[Date "2009.10.18"]
[Round "1"]
[White "Havenaar, Jan"]
[Black "Morcom, Huw"]
[Result "1-0"]
[WhiteElo "2176"]
[BlackElo "1965"]
[PlyCount "87"]
[EventDate "2009.10.18"]

1. Nc3 a6 2. g3 e5 3. Bg2 Nf6 4. d3 Be7 5. e4 d6 6. Nge2 Nc6 7. O-O h6 8. f4
Bg4 9. h3 Bxe2 10. Qxe2 Qd7 11. Be3 Rg8 12. Qf2 O-O-O 13. a3 Rdf8 14. Nd5 Kd8
15. c4 Ke8 16. b4 exf4 17. Bxf4 Ne5 18. Qe2 Ng6 19. Be3 c6 20. Nf4 Nxf4 21.
Bxf4 g5 22. Bd2 g4 23. h4 Nh5 24. Bf4 Rg6 25. Qe3 Bf6 26. e5 Nxf4 27. Rxf4 dxe5
28. d4 Be7 29. dxe5 c5 30. Be4 Rg7 31. Bf5 Qc7 32. Rd1 Rfg8 33. b5 axb5 34.
Bd7+ Kf8 35. Bxb5 Rg6 36. Rdf1 R8g7 37. Qe4 Re6 38. Rf5 Kg8 39. Qd5 Qd8 40. Rd1
Qxd5 41. cxd5 Rb6 42. a4 f6 43. d6 Bd8 44. e6 1-0

[Event "Guernsey Open"]
[Site "Guernsey"]
[Date "2009.10.18"]
[Round "1"]
[White "Murray, Steve"]
[Black "Van Dijk, Bram"]
[Result "1/2-1/2"]
[WhiteElo "1964"]
[BlackElo "2173"]
[PlyCount "59"]
[EventDate "2009.10.18"]

1. e4 c6 2. d4 d5 3. exd5 cxd5 4. Bd3 Nf6 5. c3 Nc6 6. Bf4 Bg4 7. Qb3 Na5 8.
Qa4+ Nc6 9. Nd2 e6 10. Ngf3 Bd6 11. Ne5 Bxe5 12. Bxe5 Bh5 13. O-O Qd7 14. Bb5
O-O 15. Rae1 Ne8 16. Re3 f6 17. Bg3 g5 18. f4 Ng7 19. Bxc6 bxc6 20. fxg5 Nf5
21. Ree1 Nxg3 22. hxg3 fxg5 23. Nf3 Bxf3 24. Rxf3 Rxf3 25. gxf3 Rf8 26. Kg2 Rf6
27. Re5 h6 28. b4 Kg7 29. Qd1 Qf7 30. Qe2 1/2-1/2

[Event "Guernsey Open"]
[Site "Guernsey"]
[Date "2009.10.18"]
[Round "1"]
[White "Goater, Kevin"]
[Black "Williams, Peter A"]
[Result "1/2-1/2"]
[WhiteElo "2168"]
[BlackElo "1961"]
[PlyCount "66"]
[EventDate "2009.10.18"]

1. f4 d5 2. Nf3 c5 3. e3 Nf6 4. b3 g6 5. Bb2 Bg7 6. Be2 Nc6 7. O-O O-O 8. Qe1
d4 9. Na3 Nd5 10. Bc4 Nb6 11. e4 Nxc4 12. Nxc4 b5 13. Na3 Rb8 14. d3 e5 15. Bc1
f5 16. exf5 Bxf5 17. Nxe5 Nxe5 18. fxe5 Re8 19. Bf4 Qd5 20. Qa5 Bxe5 21. Bxe5
Rxe5 22. Rae1 Bh3 23. Qd2 Rbe8 24. Rxe5 Rxe5 25. Qf2 Rf5 26. Qg3 Rxf1+ 27. Kxf1
Bd7 28. Qb8+ Kg7 29. Qxa7 Qf7+ 30. Kg1 Qe7 31. h3 Qe1+ 32. Kh2 Qe5+ 33. Kg1
Qe1+ 1/2-1/2

[Event "Guernsey Open"]
[Site "Guernsey"]
[Date "2009.10.18"]
[Round "1"]
[White "Dennis, Nigel W"]
[Black "Baumert, Christian"]
[Result "0-1"]
[WhiteElo "1957"]
[BlackElo "2142"]
[PlyCount "82"]
[EventDate "2009.10.18"]

1. e4 c6 2. d4 d5 3. exd5 cxd5 4. c4 Nf6 5. Nc3 g6 6. Nf3 Bg7 7. c5 O-O 8. Be2
Nc6 9. O-O Ne4 10. Be3 Bg4 11. Qc2 Nxc3 12. Qxc3 e5 13. dxe5 Bxf3 14. Bxf3 d4
15. Bxd4 Qxd4 16. Qxd4 Nxd4 17. Bxb7 Rab8 18. c6 Bxe5 19. Rfe1 Bc7 20. Re7 Ne6
21. Re1 Bb6 22. Rc1 Nc7 23. b4 Rfd8 24. a4 Kf8 25. Re4 a5 26. bxa5 Bxa5 27. Re5
Bb6 28. a5 Ba7 29. Re4 Rd2 30. Rf4 Rbd8 31. Kf1 Ra2 32. a6 Rdd2 33. Ke1 Re2+
34. Kf1 Rxf2+ 35. Rxf2 Rxf2+ 36. Ke1 Rxg2 37. Rc3 Rxh2 38. Rd3 Ra2 39. Rd8+ Kg7
40. Rd7 Bb6 41. Rd3 h5 0-1

[Event "Guernsey Open"]
[Site "Guernsey"]
[Date "2009.10.18"]
[Round "1"]
[White "Taylor, Mark V"]
[Black "Agustsson, Hafsteinn"]
[Result "1/2-1/2"]
[WhiteElo "2141"]
[BlackElo "1952"]
[PlyCount "115"]
[EventDate "2009.10.18"]

1. d4 Nf6 2. c4 e6 3. Nf3 b6 4. a3 Bb7 5. Nc3 d5 6. cxd5 exd5 7. Bf4 Bd6 8.
Bxd6 Qxd6 9. Rc1 a6 10. e3 O-O 11. Be2 Nbd7 12. O-O Rfd8 13. b4 c5 14. bxc5
bxc5 15. dxc5 Nxc5 16. Nd4 Rac8 17. Na4 Nfe4 18. Nxc5 Nxc5 19. Qd2 Ne4 20. Qb2
Rb8 21. Nf5 Qf6 22. Qxf6 Nxf6 23. Rc7 Ne8 24. Rc2 Kf8 25. Rb1 g6 26. Nd4 Nd6
27. Rcb2 Rbc8 28. g3 Rc7 29. Rb6 a5 30. Nb5 Nxb5 31. R6xb5 Ba6 32. Rb8 Bc8 33.
Ba6 Ke7 34. Rxc8 Rdxc8 35. Bxc8 Rxc8 36. Rb5 a4 37. Ra5 Rc4 {(=)} 38. Kf1 Ke6
39. Ke2 h5 40. h4 Rc2+ 41. Kf3 Rc4 42. Ra7 d4 43. exd4 Rxd4 44. Ke3 Rc4 45. Kd3
Rg4 46. Ra5 Kd6 47. Ra6+ Ke7 48. Rc6 Kd7 49. Rc4 Kd6 50. Rxg4 hxg4 51. Kd4 f5
52. Ke3 Ke5 53. f3 gxf3 54. Kxf3 Ke6 55. Kf4 Kf6 56. g4 fxg4 57. Kxg4 Kf7 58.
Kg5 1/2-1/2

[Event "Guernsey Open"]
[Site "Guernsey"]
[Date "2009.10.18"]
[Round "1"]
[White "Goris Schouwstra, Adry"]
[Black "Gregg, Alan Michael"]
[Result "1/2-1/2"]
[WhiteElo "1952"]
[BlackElo "2140"]
[PlyCount "44"]
[EventDate "2009.10.18"]

1. d4 d5 2. Nf3 Nf6 3. e3 g6 4. Be2 Bg7 5. O-O O-O 6. c4 c6 7. Nc3 e6 8. b3 a6
9. Bb2 b5 10. c5 Nfd7 11. b4 e5 12. dxe5 Nxe5 13. Nxe5 Bxe5 14. g3 a5 15. a3
axb4 16. axb4 Rxa1 17. Qxa1 Na6 18. Na2 Bxb2 19. Qxb2 f5 20. Bf3 Qf6 21. Qxf6
Rxf6 22. Rb1 Nc7 1/2-1/2

[Event "Guernsey Open"]
[Site "Guernsey"]
[Date "2009.10.18"]
[Round "1"]
[White "Fassaert, Desire"]
[Black "Franklin, Samuel"]
[Result "0-1"]
[WhiteElo "1948"]
[BlackElo "2131"]
[PlyCount "102"]
[EventDate "2009.10.18"]

1. Nf3 Nf6 2. g3 d6 3. d4 g6 4. Bg2 Bg7 5. O-O O-O 6. c4 Nc6 7. Nc3 a6 8. b3
Rb8 9. Qd3 Bf5 10. e4 Bg4 11. h3 Bxf3 12. Bxf3 Nd7 13. Be3 e5 14. d5 Nd4 15.
Bg2 c5 16. dxc6 bxc6 17. Ne2 Nc5 18. Qd2 Nxe2+ 19. Qxe2 Ne6 20. c5 dxc5 21.
Qxa6 Qc7 22. Qc4 {(=)} Qa5 23. Rfd1 Rfd8 24. Rd3 Bf8 25. Qc3 Qa6 26. Rxd8 Rxd8
27. a4 Nd4 28. Bf1 Qb7 29. Bc4 Bd6 30. Kg2 Ra8 31. Rb1 Rxa4 32. bxa4 Qxb1 33.
Bxd4 Qxe4+ 34. Qf3 Qxf3+ 35. Kxf3 cxd4 36. a5 Kf8 37. a6 Bb8 38. g4 h6 39. Ke4
f6 40. f4 Ke7 41. fxe5 fxe5 42. h4 Kd6 43. Bf7 g5 44. hxg5 hxg5 45. Bc4 Kc5 46.
Be6 Kb4 47. Kd3 c5 48. Bf7 Ba7 49. Be6 c4+ 50. Kd2 e4 51. Bf5 e3+ 0-1

[Event "Guernsey Open"]
[Site "Guernsey"]
[Date "2009.10.18"]
[Round "1"]
[White "Schroer, Marcel"]
[Black "De Kleijnen, Henk J"]
[Result "1-0"]
[WhiteElo "2127"]
[BlackElo "1944"]
[PlyCount "47"]
[EventDate "2009.10.18"]

1. d4 e6 2. c4 d5 3. Nf3 c6 4. e3 Nf6 5. b3 Nbd7 6. Bb2 Be7 7. Bd3 O-O 8. O-O
b6 9. cxd5 exd5 10. Nc3 Bb7 11. Rc1 Rc8 12. e4 dxe4 13. Nxe4 Nd5 14. a3 a5 15.
Re1 h6 16. Bb1 Re8 17. Ne5 N5f6 18. Qf3 Rc7 19. Qf5 Qc8 20. Nxd7 Nxe4 21. Qxe4
f5 22. Qxf5 Qxd7 23. Qh7+ Kf8 24. Bg6 1-0

[Event "Guernsey Open"]
[Site "Guernsey"]
[Date "2009.10.18"]
[Round "1"]
[White "Downey, Keith"]
[Black "Collier, David O"]
[Result "1/2-1/2"]
[WhiteElo "1931"]
[BlackElo "2125"]
[PlyCount "45"]
[EventDate "2009.10.18"]

1. Nf3 g6 2. d4 Bg7 3. g3 c5 4. Bg2 Nc6 5. d5 Nd4 6. Nxd4 Bxd4 7. O-O d6 8. a4
a6 9. Nd2 Rb8 10. c3 Bg7 11. a5 Nf6 12. Nc4 O-O 13. Bf4 Nh5 14. Bg5 h6 15. Be3
Kh7 16. h3 f5 17. Qc1 Qe8 18. Kh2 Qb5 19. Nb6 f4 20. gxf4 Nxf4 21. Bxf4 Rxf4
22. e3 Rf7 23. Qd2 1/2-1/2